000 00449cam a2200169ua 4500
020 _c3.00
041 _amal
_h
082 _a494.812
_bCHA/MA
100 _aChandrasekharan Nair, C K .
245 _aMalayalathinte valarcha chila vasangalil /
_cC K Chandrasekharan Nair.
_hTextual Documents
260 _a :
_bC K Chandrasekharan Nair ,
_c1968.
300 _a189 ; .
365 _a3.00
504 _a
942 _cBK
999 _c5104
_d5104